| 000 | 004710000a22001810004500 | ||
|---|---|---|---|
| 003 | MACL | ||
| 005 | 20150730134133.0 | ||
| 008 | 150730b xxu||||| |||| 00| 0 eng d | ||
| 040 |
_aMACL _cMACL |
||
| 041 | _aEnglish | ||
| 082 | _a340/MIT | ||
| 100 |
_aMitra, S P _93440 |
||
| 245 | _aThe Appointment of the Chief Justice the Government and the Supreme Court | ||
| 260 |
_bS. P. Mitra _c1973 _aNew Delhi |
||
| 350 | _a1.50 | ||
| 650 |
_aLaw _93441 |
||
| 942 |
_cBK _k340 _2ddc |
||
| 999 |
_c7642 _d7642 |
||